000 00719nam a2200217Ia 4500
003 OSt
005 20220918105509.0
006 a|||||r|||| 00| 0
007 ta
008 220915b |||||||| |||| 00| 0 hin d
024 _a207956
037 _cReference Collections
040 _aARTS
_cARTS
_bhin
041 _2hin
_ahin
082 _aP152:4k, JO(RR)
100 _aशर्मा, द्धारकाप्रसाद
_91696
245 0 _aहिन्दी शब्दार्थ पारिजात
246 _aHindī shabdārtha pārijāta
942 _hP152:4k, JO(RR)
_cREF
999 _c107593
_d107593